Normal view
MARC view
- بنوك وأعمال مصرفية -- معاجم (متعددة اللغات)
Entry Topical Term
001 - CONTROL NUMBER
- control field: 30557
003 - CONTROL NUMBER IDENTIFIER
- control field: JO-AjAnu
005 - DATE AND TIME OF LATEST TRANSACTION
- control field: 20230606075144.0
008 - FIXED-LENGTH DATA ELEMENTS
- fixed length control field: 230606|| aca||aabn | a|a d
040 ## - CATALOGING SOURCE
- Original cataloging agency: JO-AjAnu
- Transcribing agency: JO-AjAnu
150 ## - HEADING--TOPICAL TERM
- Topical term or geographic name entry element: بنوك وأعمال مصرفية -- معاجم (متعددة اللغات)
670 ## - SOURCE DATA FOUND
- Source citation: Work cat.: (JO-AjAnu)15695: أعداد مجدى نافد الأسيوطي, author 30556, معجم المصطلحات المصرفية والمالية: انجليزي - فرنسي - عربي = Banking and financial dictionary: English, French, Arabic